Sobre las mujeres : (Record no. 88825)

MARC details
000 -LEADER
campo de control de longitud fija 00747nam a2200241 i 4500
001 - NÚMERO DE CONTROL
campo de control 88825
003 - IDENTIFICADOR DE NÚMERO DE CONTROL
campo de control ES-MaACL
005 - FECHA Y HORA DE LA ÚLTIMA TRANSACCIÓN
campo de control 20250809051001.0
007 - CAMPO FIJO DE DESCRIPCIÓN FÍSICA--INFORMACIÓN GENERAL
campo de control de longitud fija t|
008 - DATOS DE LONGITUD FIJA--INFORMACIÓN GENERAL
campo de control de longitud fija 041209s1994 sp ||||1| spa d
020 ## - NÚMERO INTERNACIONAL ESTÁNDAR DEL LIBRO
Número Internacional Estándar del Libro 84-7600-233-5
080 ## - NÚMERO DE LA CLASIFICACIÓN DECIMAL UNIVERSAL
Número de la Clasificación Decimal Universal 875-96"03"
100 1# - ENTRADA PRINCIPAL--NOMBRE DE PERSONA
Nombre de persona Ateneo de Náucratis.
9 (RLIN) 23727
245 10 - MENCIÓN DEL TÍTULO
Título Sobre las mujeres :
Resto del título libro XIII de La cena de los eruditos /
Mención de responsabilidad, etc. Ateneo de Náucratis ; edición de Jorge L. Sanchis Llopis.
250 ## - MENCION DE EDICION
Mención de edición 3ª ed.
260 ## - PUBLICACIÓN, DISTRIBUCIÓN, ETC.
Lugar de publicación, distribución, etc. Torrejón de Ardoz :
Nombre del editor, distribuidor, etc. Akal,
Fecha de publicación, distribución, etc. 1994.
300 ## - DESCRIPCIÓN FÍSICA
Extensión 204 p. ;
Dimensiones 12 cm.
490 1# - MENCIÓN DE SERIE
Mención de serie Akal/clásica ;
Designación de volumen o secuencia 40
700 1# - ENTRADA AGREGADA--NOMBRE PERSONAL
Nombre de persona Sanchis Llopis, Jordi (
Fechas asociadas al nombre 1957-)
9 (RLIN) 174480
830 10 - PUNTO DE ACCESO ADICIONAL DE SERIE-TÍTULO UNIFORME
Título uniforme Akal/Clásica
Designación de volumen o secuencia 40
9 (RLIN) 184082
852 4# - LOCALIZACIÓN
Ubicación ES-MaACL
Número de control de estantería E-10661
Holdings
Estatus retirado Estado de pérdida Estado de daño No para préstamo Biblioteca de origen Biblioteca actual Ubicación en estantería Fecha de adquisición Fuente de adquisición Total de préstamos Signatura topográfica completa Código de barras Visto por última vez Precio de reemplazo Tipo de ítem Koha
        Biblioteca del Ateneo de Madrid Biblioteca del Ateneo de Madrid Depósito 2 17/01/2008     E-10661 1092776 23/02/2023 23/02/2023 Libro impreso